000 00706nam a22002417a 4500
999 _c9796
_d9796
003 AR-CdUCM
008 190328b ||||| |||| 00| 0 spa d
040 _aMUNICIPALIDAD PROVINCIAL DEL CUSCO
_cBIBLIOTECA MUNICIPAL DEL CUSCO
041 _heng
082 _a813 /
_bSM61 E /1946
100 _aSmith, Lillian
_926243
245 _aExtraño fruto /
260 _aBuenos Aires :
_bSudamericana,
_c1946.
300 _a482 paginas ;
_c19 cm.
440 _aColeccion horizonte
_914516
500 _aTitulo original : Strange fruit
505 _aContenido : Novela
650 _aNovela Americana
_94188
650 _aCuentos
_9312
650 _aensayos
_926244
942 _2ddc
_cLIBROS
945 _awnts